Dôsledky a návrhy riešení finančnej a hospodárskej krízy

Guardado en:
Detalles Bibliográficos
Autor principal: Kozlík, Sergej
Formato: Libro
Lenguaje:eslovaco
Publicado: Brussels European Parliament 2009
Materias:
Etiquetas: Agregar Etiqueta
Sin Etiquetas, Sea el primero en etiquetar este registro!

MARC

LEADER 00000nam a2200000 4500
001 0128964
005 20240404080301.0
041 0 |a slo 
044 |a BE 
245 1 0 |a Dôsledky a návrhy riešení finančnej a hospodárskej krízy  |c Sergej Kozlík 
264 1 |a Brussels  |b European Parliament  |c 2009 
300 |a 70 s. 
610 2 0 |a kríza finančná 
610 2 0 |a kríza hospodárska 
610 2 0 |a hospodárstvo svetové 
610 2 0 |a vývoj 
610 2 0 |a politika finančná 
610 2 0 |a reformy 
610 2 0 |a opatrenia 
610 2 0 |a eurozóna 
610 2 0 |a prognózy 
610 2 0 |a Slovensko 
610 2 0 |a USA 
610 2 0 |a Európska únia 
100 1 |a Kozlík, Sergej